[Event "HUN-ch Rapid 2020"]
[Site "Ajka"]
[Date "2020.07.18"]
[Round "8.12"]
[White "Deak, Sandor"]
[Black "Ongut, Tamas Gunes"]
[Result "1/2-1/2"]
[WhiteElo "2281"]
[BlackElo "2305"]
[Annotator "NA"]
[PlyCount "51"]
[EventDate "2020.07.17"]
[EventType "swiss"]
[EventCountry "HUN"]
[SourceTitle "playchess.com"]
[Source "ChessBase"]
[SourceQuality "1"]
[TimeControl "900+10"]

1. e4 {[%emt 0:00:01]} e5 {[%emt 0:00:07]} 2. Nf3 {[%emt 0:00:01]} Nc6 {[%emt 0:00:01]} 3. Nc3 {[%emt 0:00:05]} Nf6 {[%emt 0:00:06]} 4. Bb5 {[%emt 0:00:02]} Nd4 {[%emt 0:00:02]} 5. Bc4 {[%emt 0:00:14]} c6 {[%emt 0:00:21]} 6. d3 {[%emt 0:00:07]} d5 {[%emt 0:00:45]} 7. exd5 {[%emt 0:00:31]} cxd5 {[%emt 0:00:08]} 8. Bb3 {[%emt 0:00:29]} Bg4 {[%emt 0:02:14]} 9. Ba4+ {[%emt 0:04:22]} Nc6 {[%emt 0:00:15]} 10. h3 {[%emt 0:00:12]} Bh5 {[%emt 0:00:21]} 11. g4 {[%emt 0:00:18]} Bg6 {[%emt 0:00:10]} 12. Nxe5 {[%emt 0:00:41]} Qc7 {[%emt 0:00:53]} 13. Bf4 {[%emt 0:03:41]} Bd6 {[%emt 0:00:36]} 14. Nxg6 {[%emt 0:03:48]} hxg6 {[%emt 0:00:13]} 15. Bxd6 {[%emt 0:00:01]} Qxd6 {[%emt 0:00:02]} 16. Qe2+ {[%emt 0:00:02]} Kf8 {[%emt 0:00:06]} 17. O-O-O {[%emt 0:00:02]} Re8 {[%emt 0:04:47]} 18. Qd2 {[%emt 0:00:01]} d4 {[%emt 0:00:22]} 19. Nb5 {[%emt 0:01:35]} Qc5 {[%emt 0:01:38]} 20. Na3 {[%emt 0:00:18]} Nd5 {[%emt 0:01:47]} 21. Bxc6 {[%emt 0:00:38]} Qxc6 {[%emt 0:00:27]} 22. Rde1 {[%emt 0:00:09]} Rxe1+ {[%emt 0:00:49]} 23. Qxe1 {[%emt 0:00:01]} Nf4 {[%emt 0:00:19]} 24. Nc4 {[%emt 0:01:04]} b5 {[%emt 0:00:58]} 25. Ne5 {[%emt 0:00:01]} Qd5 {[%emt 0:00:02]} 26. Qe4 {[%emt 0:00:11]} 1/2-1/2

[Event "HUN-ch Rapid 2020"]
[Site "Ajka"]
[Date "2020.07.18"]
[Round "8.13"]
[White "Buzas, Bertalan"]
[Black "Farago, Sandor"]
[Result "0-1"]
[WhiteElo "2258"]
[BlackElo "2271"]
[Annotator "TA"]
[PlyCount "190"]
[EventDate "2020.07.17"]
[EventType "swiss"]
[EventCountry "HUN"]
[SourceTitle "playchess.com"]
[Source "ChessBase"]
[SourceQuality "1"]

{[%evp 20,190,46,46,55,51,76,39,48,43,39,0,0,-4,0,0,0,-8,-2,-12,-16,-11,30,-12,-8,-2,3,0,17,10,35,33,64,66,72,66,81,79,81,70,92,68,83,84,161,156,160,125,131,59,52,41,277,249,554,0,320,175,255,40,318,0,625,-17,0,0,0,0,0,0,-3,-20,-20,-106,-18,-20,0,0,0,0,0,0,0,0,0,0,0,-29,0,0,0,0,0,0,0,-13,-13,-36,-22,-29,0,0,0,-2,0,0,0,-10,0,0,0,0,8,8,8,8,8,19,24,0,0,0,0,0,0,0,0,0,0,0,0,0,0,0,0,0,0,0,0,0,0,0,8,0,0,0,0,-37,-8,-8,-8,-8,-3,-15,0,-8,-8,-104,-104,-435,-362,-1780,-1760,-1443,-1311,-29988,-29989,-29989,-29989,-29988,-29988,-29986,-29987]} 1. d4 d5 2. Nf3 Nf6 3. Bf4 c5 4. e3 Nc6 5. c3 cxd4 6. exd4 g6 7. Nbd2 Bg7 8. Bd3 O-O 9. O-O Nh5 10. Bg5 h6 11. Be3 Qd6 {B13: Caro-Kann: Exchange Variation and Panov-Botvinnik Attack.} 12. Re1 Nf4 13. Bf1 g5 {[#] White is slightly better.} 14. Bxf4 $146 ({Predecessor:} 14. Nb3 Bg4 15. h3 Bh5 16. g3 Ne6 17. Be2 f5 18. Ne5 Bxe2 19. Qxe2 Nxe5 20. dxe5 {1-0 (55) Budisavljevic,L (2317)-Markovic,M (2208) Belgrade 2018}) 14... Qxf4 15. g3 Qd6 16. Qc2 Bg4 17. h3 Bd7 18. Bg2 Rac8 19. Qd3 e6 20. Qe2 f5 21. Ne5 Nxe5 22. dxe5 Qb6 23. Nb3 a5 24. Nd4 a4 25. a3 Rc4 26. Rad1 {[%cal Ba1d1,Bd1d3,Bd3f3][%mdl 32]} f4 27. Kh1 Qd8 28. Bf3 Qe7 29. Bg4 Rcc8 30. Rd3 b6 31. Rf3 Rc4 (31... fxg3 $16 32. fxg3 Rxf3 33. Bxf3 Rf8) 32. gxf4 $18 gxf4 33. Qd2 Qf7 {With the idea ...h5.} 34. h4 (34. Rd3 $16) 34... h5 35. Bh3 Bh6 $2 (35... Kh8 $14) 36. Rg1+ Kh8 $2 {[#]} (36... Bg7 {is more resistant.} 37. Bf1 Kh8 38. Bxc4 dxc4) 37. Bf1 $2 (37. Rfg3 $1 $18 {[%mdl 512]}) 37... Rc5 $2 {[%mdl 8192] [#]} (37... Rcc8 $1 $11 {and Black has nothing to worry.}) 38. Bd3 (38. Rfg3 $142 $3 {[%mdl 512]} Qe7 (38... fxg3 39. Qxh6+) 39. Bh3) 38... Rg8 {[#]} (38... Qe7 $142) 39. Rxg8+ $2 (39. Rfg3 $1 $18 {[%cal Rg3g8][%mdl 512]} Rxg3 (39... fxg3 40. Qxh6+) 40. Rxg3 (40. fxg3 Rc8 $11) 40... fxg3 41. Qxh6+ Kg8 42. Qg5+ (42. fxg3 Rc8 $14) 42... Kf8 43. fxg3) 39... Qxg8 $4 {[%mdl 8192] [#]} (39... Kxg8 $14 40. Bc2 Qg7) 40. Bb1 $2 (40. Rg3 $1 $18 {[%cal Rg3g8][%mdl 512]} Qd8 (40... fxg3 41. Qxh6+) 41. Rg6 $1 {[%mdl 512]} Qxh4+ 42. Kg1) 40... Rc8 $2 {[%mdl 8192] [#]} (40... Qg7 $11 41. Qd3 Rc8) 41. Qd3 $2 (41. Rg3 $1 $18 {[%cal Rg3g8][%mdl 512]} Qf7 (41... fxg3 42. Qxh6+) 42. Rg6) 41... Qg7 $36 {[%mdl 2048] White is under pressure.} 42. Qg6 Rg8 43. Qxg7+ $1 Rxg7 44. Rh3 Rg4 45. f3 Rg3 46. Kh2 (46. Rh2 $11) 46... Rxh3+ ({Black should try} 46... Rg8 $17 {White must now prevent ...Bg7.} 47. Kh1 Bg7) 47. Kxh3 $17 {[%mdl 4096] Endgame KBB-KBN} Bg7 48. Bg6 Bxe5 49. Bxh5 Kg7 50. Bg4 Kf6 51. Kg2 Bd6 52. Kf2 Bc5 53. Ke1 Ke5 54. h5 Bf8 55. Kd2 Bg7 56. Kd3 Kd6 57. c4 Ke5 58. Ne2 dxc4+ 59. Kxc4 b5+ 60. Kd3 Kd6 61. Nc3 Kc5 62. Ne4+ Kd5 63. Nc3+ Ke5 64. Ne4 Bc6 65. Ng5 Kd6 66. Kc2 Bd5 {[#]} 67. h6 $1 {[%mdl 512]} Bf6 (67... Bxh6 68. Nf7+) 68. Nh3 e5 69. Kd3 Ke7 70. Nf2 Kf7 71. Ne4 Bc4+ 72. Kc3 Be7 73. Bh5+ Kg8 74. Nd2 Be2 75. Bg6 Bf8 76. h7+ Kh8 77. Be4 Bc5 78. Kc2 Kg7 79. Nb1 Bc4 80. Nc3 Be7 81. Bd3 Bb3+ 82. Kd2 b4 83. Nb5 Bc5 {Strongly threatening ...Be3+.} 84. axb4 Bxb4+ 85. Ke2 Bc5 86. Kd2 Bb4+ 87. Ke2 Kh8 88. Nc7 {[#]} (88. Be4 $11) 88... Bc5 $1 {[%cal Rc5d4] Threatens to win with ...Bd4.} 89. Ne8 $2 {[%mdl 8192]} (89. Nb5 $17 {nothing else works.}) 89... Bd4 $19 90. Be4 $2 (90. Nd6 Be6 91. Bg6) 90... Bxb2 91. Nf6 a3 {[%cal Ba4a3,Ba3a2][%mdl 32] ( -> ...a2)} 92. Nd7 a2 {Black mates.} 93. Nf8 Bf7 94. Bg6 Bxg6 {[%mdl 64] Overworked Piece} 95. Nxg6+ Kxh7 {What a bad dream for White. Accuracy: White = 66%, Black = 74%.} 0-1

[Event "HUN-ch Rapid 2020"]
[Site "Ajka"]
[Date "2020.07.18"]
[Round "8.14"]
[White "Horvath, Adam"]
[Black "Majoros, Rozsa Evelin"]
[Result "1-0"]
[WhiteElo "2488"]
[BlackElo "2003"]
[Annotator "TA"]
[PlyCount "81"]
[EventDate "2020.07.17"]
[EventType "swiss"]
[EventCountry "HUN"]
[SourceTitle "playchess.com"]
[Source "ChessBase"]
[SourceQuality "1"]

{[%evp 9,80,33,60,38,39,33,44,38,52,54,22,17,37,0,12,32,37,-16,-7,-16,-18,-50,-14,0,-6,-52,41,39,29,21,45,20,200,195,202,195,195,195,198,168,217,212,217,217,217,195,175,140,264,107,440,358,580,579,577,573,652,657,846,837,1172,1118,29989,29990,29995,29995,29996,29997,29997,29998,29998,29999,29999]} 1. e4 c5 2. Nf3 Nc6 3. g3 e6 4. Bg2 Qc7 5. O-O Be7 6. Re1 {B40: Sicilian: 2...e6, Unusual lines.} d6 7. c3 Nf6 8. d4 {White is slightly better.} O-O 9. dxc5 dxc5 10. e5 Nd5 11. Nbd2 {[%cal Bb1d2,Bd2f1,Bf1h2,Bh2f3][%mdl 32]} Rd8 12. Qe2 a6 13. h4 (13. Ne4 $14) 13... b5 $11 {[%cal Bb7b5,Bb5b4][%mdl 32]} 14. Nf1 Bb7 15. Bg5 {[#]} b4 $146 (15... h6 $5 {[%cal Rh6g5]} 16. Bxe7 Ncxe7 $15) ({Predecessor:} 15... h6 16. Bxe7 Ndxe7 17. h5 Rd7 18. N1h2 Rad8 19. Ng4 Nf5 20. Rad1 c4 21. Nd2 Kf8 {0-1 (57) Rozsa,P (2200)-Takacs,T (2188) Hungary 2011}) 16. c4 Nb6 17. N1h2 Nd4 (17... a5 $15) 18. Nxd4 $14 Rxd4 19. b3 Bf8 20. h5 Nd7 $2 (20... Bxg2 $11 21. Kxg2 h6) 21. Bxb7 Qxb7 22. Nf3 Rg4 23. Rad1 a5 24. Rd3 a4 25. Bf4 axb3 26. axb3 Nb8 27. Red1 Nc6 28. Rd7 Qb8 (28... Qc8 $16 {was worth a try.} 29. Qe4 Ra3) 29. h6 (29. Qe4 $18 Ra6 30. Kg2 (30. Ng5 Rxg5 31. Bxg5 Qxe5 $18)) 29... Ra3 $2 {[%mdl 8192]} (29... Rg6 $16 {is tougher.}) 30. hxg7 Rxg7 $2 (30... Be7 {was called for.} 31. Nd4 cxd4) 31. Qe4 $18 Qa8 32. Bh6 Rg6 33. Bxf8 Kxf8 34. R1d6 Rxb3 35. Rxc6 {[#] Intending Rxf7+! and mate.} Qa1+ 36. Kg2 {White mates.} Rh6 37. Rc8+ Kg7 {[#]} 38. Rxf7+ $1 {[%mdl 512]} Kxf7 39. Qb7+ Kg6 40. Rg8+ Kf5 41. Rg5# {Accuracy: White = 79%, Black = 43%.} 1-0

[Event "HUN-ch Rapid 2020"]
[Site "Ajka"]
[Date "2020.07.18"]
[Round "8.15"]
[White "Almasi, Zoltan"]
[Black "Borhy, Marcell"]
[Result "1-0"]
[WhiteElo "2687"]
[BlackElo "2311"]
[Annotator "TA"]
[PlyCount "69"]
[EventDate "2020.07.17"]
[EventType "swiss"]
[EventCountry "HUN"]
[SourceTitle "playchess.com"]
[Source "ChessBase"]
[SourceQuality "1"]

{[%evp 24,69,17,4,16,-27,0,7,39,40,39,37,47,47,43,60,47,75,71,74,69,60,69,67,68,59,81,91,104,97,104,75,82,67,81,83,80,71,191,191,191,193,243,198,852,401,544,544]} 1. e4 d5 2. exd5 Nf6 3. d4 Nxd5 4. c4 Nb6 5. Nf3 g6 6. h3 Bg7 7. Nc3 O-O 8. Be3 Nc6 {[%cal Bb8c6,Bc6e7,Be7f5][%mdl 32]} 9. Be2 e5 10. d5 Ne7 11. O-O Nf5 12. Bg5 f6 13. Bd2 Re8 {B01: Scandinavian Defence.} 14. Bd3 c6 {[%cal Rc6d5]} 15. Qb3 {[#]} Nd4 $146 {The position is equal.} ({Predecessor:} 15... c5 16. Bxf5 Bxf5 17. Ne1 Rb8 18. a4 Nc8 19. Be3 Bf8 20. g4 Bd7 21. Ne4 f5 22. Nxc5 fxg4 23. Nxd7 Qxd7 {1-0 (39) Sabanovic,R-Pyshkin,A Yugoslavia 1990}) 16. Nxd4 exd4 17. Ne2 cxd5 18. Nxd4 f5 19. Bc3 {And now Rfe1 would win.} Bxd4 20. Bxd4 dxc4 21. Bxc4+ Nxc4 22. Qxc4+ Be6 23. Qb4 a5 24. Qd2 Ra6 25. Qf4 $1 {[%cal Rf4e5] Black must now prevent Qe5.} Qd6 26. Be5 $40 {[%mdl 128] White is out for blood.} Qb4 27. Qh6 {[%csl Ge5][%cal Rh6g7]} Qf8 28. Qh4 Bxa2 29. Bc3 Re4 30. Qg3 {[%mdl 1024] White has strong compensation.} Be6 (30... Bf7 $16) 31. Rfe1 $18 Qd6 {[#]} 32. Qg5 $1 {[%cal Rg5f6] aiming for Qf6.} Bd5 {Black hopes to continue with ...b5.} 33. Red1 Ra8 $2 {[#]} (33... b5) 34. Qd2 (34. Rxd5 $142 $1 {[%mdl 512]} Qxd5 35. Qf6) 34... Rd8 35. Rxa5 {Black did not feel at home in the position after the opening. Accuracy: White = 75%, Black = 52%.} 1-0

[Event "HUN-ch Rapid 2020"]
[Site "Ajka"]
[Date "2020.07.18"]
[Round "8.16"]
[White "Horvath, Peter"]
[Black "Balint, Vilmos"]
[Result "0-1"]
[WhiteElo "2409"]
[BlackElo "2143"]
[Annotator "TA"]
[PlyCount "104"]
[EventDate "2020.07.17"]
[EventType "swiss"]
[EventCountry "HUN"]
[SourceTitle "playchess.com"]
[Source "ChessBase"]
[SourceQuality "1"]

{[%evp 11,104,7,34,26,32,19,13,22,64,56,96,81,120,121,112,89,81,61,75,59,89,15,66,19,16,8,45,0,11,0,-10,-31,-27,-51,-44,-55,-68,-127,-31,-30,-25,-41,-27,-47,-38,-149,-85,-96,-93,-168,-121,-127,-132,-125,-129,-201,-82,-77,-49,-52,-60,-95,-92,-93,-15,-11,-8,-14,-6,-75,-60,-78,-76,-108,-85,-133,-125,-154,-154,-160,-143,-215,-158,-158,1163,-113,-117,-122,-85,-1180,-1210,-1517,-1483,-1119,-1014]} 1. d4 e6 2. c4 b6 3. a3 Bb7 4. Nc3 f5 5. d5 Nf6 6. Nf3 Bd6 7. g3 {A40: Unusual replies to 1 d4.} O-O 8. Bg2 Na6 9. b4 {The position is equal.} exd5 10. cxd5 {[#]} Qe7 $146 ({Predecessor:} 10... Ne4 11. Bb2 Qe7 12. O-O Rae8 13. Nb5 Qf7 14. Nxd6 cxd6 15. Qa4 Qxd5 16. Qxd7 Qf7 17. Qxf7+ Rxf7 {½-½ (91) Chibukhchian,A (2410)-Shahinyan,D (2457) Yerevan 2015}) 11. O-O Qf7 12. Bb2 Rae8 13. Nb5 Qxd5 14. Nxd6 Qxd6 15. Qxd6 cxd6 16. e3 (16. Rfc1 $16) 16... Nc7 (16... Ne4 $11) 17. Rfd1 {[%mdl 1024] White has compensation.} Ne4 18. Nd4 Rc8 19. Rac1 g6 20. h4 Kf7 21. h5 Ke7 22. a4 Ne6 23. Nb5 Rxc1 24. Bxc1 (24. Rxc1 $15 gxh5 25. Rd1) 24... a6 ({Better is} 24... Bc6 $17 25. hxg6 hxg6) 25. Bxe4 $1 $15 Bxe4 26. Nxd6 Bc2 ({Much worse is} 26... gxh5 $6 27. Ba3 $11) 27. Rd2 $1 Bxa4 28. b5 (28. f4 $15) 28... axb5 (28... Bxb5 $142 29. Ba3 Nc5) 29. Ba3 $17 Nc5 30. h6 (30. e4 $17 {might work better.}) 30... Ke6 31. Nb7 {Strongly threatening Rd6+.} Ne4 32. Rd4 Rb8 33. Nd6 (33. f3 $17) 33... Nf6 (33... Ng5 $1 $19 {[%cal Rg5f3] and Black stays clearly on top. White must now prevent ...Nf3+.} 34. Kg2 b4 $1 {[%mdl 512]} 35. Bxb4 Bc6+ 36. Kf1 Ra8) 34. e4 Ra8 (34... b4 $5 {[%cal Rb4a3]} 35. exf5+ gxf5 36. Bxb4 Bc6 $17) 35. exf5+ gxf5 36. Bb2 Nd5 37. Nxf5 {[#]} Kxf5 (37... Bc2 $1 $17 {[%cal Rc2f5]} 38. Ne3 Nxe3 39. fxe3 Ra4) 38. Rxd5+ {[%mdl 4096] Endgame KRB-KRB} Ke6 39. Re5+ Kd6 40. Re4 (40. f4 $11 {keeps the balance.}) 40... Bc2 41. Rd4+ Kc6 42. Bc3 d5 43. Rd2 Be4 44. g4 Ra3 45. Bg7 b4 46. Kh2 (46. Kf1 $17) 46... Kc5 47. f4 b3 $2 (47... Rf3 $17 48. f5 b3) 48. f5 $2 ({White must play} 48. Bf8+ $18 Kc4 49. Bxa3) 48... Ra2 49. Bb2 Bc2 50. Bd4+ $2 {[%mdl 8192] [#]} (50. f6 $17 Bg6 51. g5) 50... Kc4 $1 $19 {Black is clearly winning.} 51. f6 Bg6 52. Bb2 {[#]} Rxb2 $1 {[%mdl 512] Accuracy: White = 52%, Black = 56%.} 0-1

[Event "HUN-ch Rapid 2020"]
[Site "Ajka"]
[Date "2020.07.18"]
[Round "8.17"]
[White "Seres, Lajos"]
[Black "Nogrady, Vilmos"]
[Result "1-0"]
[WhiteElo "2418"]
[BlackElo "2128"]
[Annotator "TA"]
[PlyCount "77"]
[EventDate "2020.07.17"]
[EventType "swiss"]
[EventCountry "HUN"]
[SourceTitle "playchess.com"]
[Source "ChessBase"]
[SourceQuality "1"]

{[%evp 11,77,45,65,72,79,34,38,44,49,51,49,34,45,52,53,37,97,100,95,70,287,266,256,261,261,256,317,308,330,315,323,320,349,352,329,148,147,147,137,157,325,329,430,406,436,410,631,350,362,366,390,391,693,542,563,460,529,520,520,498,778,628,625,628,682,682,666,638]} 1. d4 Nf6 2. Nf3 c5 3. d5 e6 4. c4 b5 5. Bg5 exd5 6. cxd5 d6 7. e4 {E10: Blumenfeld Gambit.} a6 8. Nbd2 Be7 9. Bf4 {White is slightly better.} O-O 10. a4 bxa4 11. Qxa4 Nbd7 12. Bd3 Rb8 13. Qc2 {[#]} Rb4 $146 (13... Nh5 $14 14. Be3 f5) ({Predecessor:} 13... Nh5 14. Be3 f5 15. Nc4 fxe4 16. Bxe4 Ndf6 17. Na5 Bd7 18. Bd3 Kh8 19. Bc4 Ng4 {½-½ (41) Kukhmazov,A (2154)-Saiyn,Z (2193) Caldas Novas 2011}) 14. Nc4 $16 ({Much worse is} 14. Bxa6 $6 Nxd5 15. Bg3 Bxa6 $11) 14... Nb6 {White should prevent ...Nxe4!} 15. Bd2 $36 {[%mdl 2048] White is more active.} Nbd7 $2 {[#]} ({Black should try} 15... Rxc4 $1 $14 16. Bxc4 Nxc4) 16. Bxb4 cxb4 17. Nd4 Nc5 18. Nc6 Qc7 19. Nxb4 Re8 20. O-O Bf8 21. Rfe1 Ng4 22. Nc6 Bd7 23. b4 (23. h3 $18 {and White stays clearly on top.} Bxc6 24. dxc6) 23... Nxd3 24. Qxd3 Bxc6 25. dxc6 {[#] Threatens to win with h3.} Qxc6 $2 {This costs Black the game.} (25... d5 $16) 26. Qd5 $18 Qc7 27. Rxa6 Nf6 28. Qc6 Qb8 (28... Qxc6 $142 29. Rxc6 d5) 29. Rb6 Qa7 30. Rb7 Qd4 31. Ne3 ({Worse is} 31. Qc7 Re7 $15) 31... Rxe4 $2 (31... Qxe4 32. Qxe4 Rxe4) 32. Rb8 {White is clearly winning.} Qd2 33. Qc1 Qa2 34. h3 Qe6 35. b5 Nd5 (35... d5 $142 36. Rd8 Qe7) 36. Qc8 Qxc8 37. Rxc8 g6 38. Rb1 Nb6 39. Rc6 {Accuracy: White = 76%, Black = 46%.} 1-0

[Event "HUN-ch Rapid 2020"]
[Site "Ajka"]
[Date "2020.07.18"]
[Round "8.18"]
[White "Egresi, Mate"]
[Black "Horvath, Jozsef"]
[Result "*"]
[WhiteElo "2362"]
[BlackElo "2438"]
[Annotator "TA"]
[PlyCount "179"]
[EventDate "2020.07.17"]
[EventType "swiss"]
[EventCountry "HUN"]
[SourceTitle "playchess.com"]
[Source "ChessBase"]
[SourceQuality "1"]

{[%evp 9,179,5,20,20,32,9,1,16,8,15,12,20,36,34,33,35,53,29,47,46,62,60,43,-72,-88,-84,-118,-193,-193,-169,224,-22,-34,-41,0,0,0,0,0,-13,-13,-28,0,0,12,25,12,16,29,23,116,31,31,8,8,8,8,8,29,29,29,8,29,29,16,21,20,20,18,21,2481,1663,1663,4,4,4,10,0,0,0,9,0,0,0,0,0,0,-4,-4,-4,-4,-12,0,0,0,0,0,0,0,0,0,0,0,0,0,0,0,0,0,0,0,0,0,0,0,0,0,0,0,0,0,0,0,0,0,0,0,0,0,0,0,0,0,0,0,0,0,0,0,0,0,0,0,0,0,0,0,0,0,0,0,0,0,0,0,0,0,0,0,0,0,0,0,0,0,0,0,0,0,0,0,0]} 1. d4 Nf6 2. c4 g6 3. Nc3 d5 4. Nf3 Bg7 5. h4 c6 6. cxd5 {D90: Grünfeld: 4 Nf3 Bg7 sidelines.} cxd5 7. Bf4 Nc6 8. e3 O-O 9. Ne5 {[#]} Nh5 $146 ({Predecessor:} 9... Qb6 10. Qb3 Qxb3 11. axb3 Nb4 12. Kd2 h5 13. Nd3 Nc6 14. f3 Bf5 15. Ne5 Rfc8 {1-0 (49) Morozevich,A (2748)-Giri,A (2720) Beijing 2012}) 10. Bh2 e6 11. g4 Nf6 $1 12. h5 Ne4 13. hxg6 fxg6 14. Nxc6 bxc6 15. Nxe4 dxe4 16. Bg3 {[#]} (16. Qc2 $14 {keeps the upper hand.}) 16... c5 $1 $17 {[%cal Rc5d4][%mdl 512]} 17. dxc5 Bxb2 {( -> ...Bc3+)} 18. Be2 (18. Qxd8 $2 Rxd8 19. Be5 Bxe5 $19) (18. Rc1 $17 Bxc1 19. Qxc1) 18... Qa5+ 19. Kf1 Qc3 $4 {[%mdl 8192]} ({Inferior is} 19... Qxc5 20. Bd6 $14) (19... Bxa1 $19 {avoids the disaster.} 20. Qxa1 Qxc5) 20. Kg2 $2 (20. Rb1 $18) 20... Bxa1 $11 21. Qxa1 Qxa1 (21... Qxc5 {with more complications.} 22. Rc1 Qg5 23. Rc7 Rf7 24. Bf4 Qd8) 22. Rxa1 Bb7 23. Bc4 Bd5 (23... Rfe8 {is interesting.} 24. Bb5 Rec8 25. Bd6 Bc6 26. a4 a6) 24. Bxd5 exd5 {[%mdl 4096] Endgame KRR-KRB} 25. Rd1 Rf7 26. Rxd5 Rc8 27. Bd6 Rb7 28. Rd4 Kf7 29. Rxe4 Re8 (29... a5 $11) 30. Rc4 ({Better is} 30. c6 $16 Rb2 31. c7) 30... Rb2 $14 31. Ra4 Rxe3 32. Rxa7+ Kf6 33. c6 {Threatens to win with Bc5.} Ree2 34. Bg3 {And now Ra8 would win.} ({Much worse is} 34. Rxh7 Rxf2+ 35. Kg3 Rfc2 $15) 34... Re8 35. a4 Rc2 36. c7 Rc4 37. Rb7 {Strongly threatening Rb8.} Ke6 $1 38. a5 Kd7 39. a6 Rxg4 $2 {[%mdl 8192] [#]} (39... Ra4 $11) 40. c8=Q+ $1 {[%mdl 512]} Kxc8 {[#]} 41. Rxh7 $2 (41. Rb8+ $1 $18 Kd7 42. Rxe8) 41... Ra4 $11 {The position is equal.} 42. a7 g5 43. Rc7+ Kd8 44. Rb7 g4 45. Rb8+ (45. Bc7+ {looks sharper.} Kc8 46. Rb8+ Kd7 47. Bb6 Re6 48. Rd8+) 45... Kd7 46. Rxe8 Kxe8 {KR-KB} 47. Bb8 Ra3 48. Bf4 Rxa7 49. Kg3 Rg7 50. f3 gxf3+ 51. Kxf3 Kd7 52. Bg3 Ke6 53. Kg2 Kf5 54. Kf3 Rb7 55. Bf2 Rb3+ 56. Kg2 Kg4 57. Bg1 Rb2+ 58. Kh1 Kf3 59. Bh2 Kg4 60. Bg1 Kg3 61. Bd4 Rh2+ 62. Kg1 Rd2 {[%cal Rd2d1]} 63. Be5+ Kf3 64. Kh1 Rd1+ 65. Kh2 Rd5 66. Bc7 Rb5 67. Kg1 Rc5 68. Bd6 Rd5 69. Bc7 Rg5+ 70. Kh1 Rg6 71. Bh2 Kf2 72. Be5 Rg5 73. Bd6 Rd5 74. Bc7 Kf3 75. Bh2 Rb5 76. Bg1 Rb1 77. Kh2 Rb2+ 78. Kh1 $1 Kg3 79. Bd4 Rh2+ 80. Kg1 Re2 {[%cal Re2e1]} 81. Kh1 Re4 82. Bc5 Rh4+ 83. Kg1 Kf3 84. Bd6 Rh6 85. Be5 Re6 86. Bc7 Re8 87. Kh1 Re1+ 88. Kh2 Re7 89. Bd6 Rd7 90. Be5 {What a bad dream for Black. Accuracy: White = 85%, Black = 87%.} *

[Event "HUN-ch Rapid 2020"]
[Site "Ajka"]
[Date "2020.07.18"]
[Round "8.19"]
[White "Zentai, Peter"]
[Black "Korpa, Bence"]
[Result "1/2-1/2"]
[WhiteElo "2304"]
[BlackElo "2545"]
[Annotator "TA"]
[PlyCount "94"]
[EventDate "2020.07.17"]
[EventType "swiss"]
[EventCountry "HUN"]
[SourceTitle "playchess.com"]
[Source "ChessBase"]
[SourceQuality "1"]

{[%evp 22,94,-21,-22,7,-14,-8,-9,-15,-4,0,0,0,-4,27,0,0,0,0,-7,0,-20,-19,-16,-13,-18,-5,-6,-13,-12,-12,-10,0,0,0,0,0,-19,-19,-20,-19,-12,0,-19,-19,-19,-19,-19,0,0,0,0,0,0,0,0,0,0,0,0,0,0,0,0,0,0,0,0,0,0,0,0,0,0,0]} 1. d4 Nf6 2. c4 e6 3. Nc3 d5 4. Nf3 c5 5. cxd5 Nxd5 6. e3 Be7 7. Bd3 O-O 8. O-O b6 9. a3 Bb7 10. Qe2 cxd4 11. exd4 Nxc3 12. bxc3 Nd7 {E12: Queen's Indian: Unusual White 4th moves, 4 a3, 4 Nc3 Bb7 5 a3 and 4 Nc3 Bb7 .} 13. Bd2 Qc7 14. a4 Bd6 {[#]} 15. h3 $146 ({Predecessor:} 15. a5 bxa5 16. Rfb1 Rab8 17. Rb5 Bxf3 18. Qxf3 Rxb5 19. Bxb5 Nf6 20. c4 Bxh2+ {1-0 (51) Stevic,H (2555)-Pavlovic,M (2593) Celje 2003}) 15... Bf4 16. Bxf4 Qxf4 17. Qe3 Qf6 (17... Qc7 {feels hotter.} 18. Nd2 Rac8 19. c4 Rfd8 20. Rfb1 a5) 18. Be4 Bxe4 {The position is equal.} 19. Qxe4 Rac8 20. Qb7 Qd8 21. Qxa7 Rc7 22. Qa6 Rxc3 23. Rfc1 Qc7 24. Rxc3 Qxc3 25. Rb1 Qc2 26. Qb5 Ra8 27. Ne5 Nxe5 (27... Nf6 {keeps more tension.} 28. Qxb6 Qxa4 29. Qc7 Rf8 30. Rb7 Nd5) 28. dxe5 $11 {[%mdl 4096] Endgame KQR-KQR} h6 (28... g5 {looks sharper.} 29. Rb4 Kg7 30. Qxb6 Rxa4 31. Rxa4 Qxa4 32. Qe3 Qf4) 29. Qxb6 Rxa4 30. Qb3 Qxb3 31. Rxb3 {KR-KR} Re4 32. Rb5 g5 33. g3 h5 34. Kg2 g4 35. hxg4 hxg4 36. Rc5 Kg7 37. Rb5 Kg6 38. Ra5 Rd4 39. Rb5 Kg5 40. Rb7 Kg6 41. Rb5 $1 Ra4 42. Rc5 Rd4 43. Rb5 Rd3 44. Rb4 Kg5 45. Rf4 Rf3 46. Rxf3 gxf3+ 47. Kxf3 Kf5 {A rather calm draw. Accuracy: White = 97%, Black = 93%.} 1/2-1/2